00846nam a2200277 u 4500001000800000005001700008008004100025020001800066035001200084040001300096041000800109080000600117100004500123245004100168260005500209300001800264490001300282650003700295650003800332650002800370650003700398650003700435650002600472650002700498700004300525149703220260508092602.0180613s2015 spa  a9789584658661 a1497032 ccomduadb aspa aC10aGómez Salazar, Elkin Arcesio4auteaut10aEvaluación financiera de proyectos aMedellín :bLys Comunicación Gráfica,c2015. a345 páginas0 aFinanzas 7aPlanificación financiera2lemb 7aAdministración financiera2lemb aEvaluación financiera 7aEvaluación de proyectos2embne aExcel (Programa para computador) aDiagramas funcionales aProyectos económicos10aDíez Benjumea, Jhon Miguel4auteaut